| 000 | 00355cam a2200145ua 4500 | ||
|---|---|---|---|
| 041 |
_aeng _h |
||
| 082 |
_a823.308 _bHOOP/RU |
||
| 100 | _aHope, Antony . | ||
| 245 |
_aRupent of heutzam / _cHope. _hTextual Documents |
||
| 260 |
_aMumbai : _bOxford & IBH Book Company , _c1961. |
||
| 300 | _a130 ; . | ||
| 504 | _a | ||
| 942 | _cBK | ||
| 999 |
_c12477 _d12477 |
||